000
00487nam a2200181Ia 4500
008
090124s9999 xx 000 0 und d
082
_b
29961
_a
829
100
_a
प्रभु मीना
245
_a
दक्षिणरंग
250
_a
1
260
_c
1999
300
_a
331
600
_a
प्रभु मीना
630
_a
दक्षिणरंग
700
_a
प्रभु मीना
730
_a
दक्षिणरंग
942
_c
BOOK
999
_c
143443
_d
143443